000
00237 a2200097 4500
001
45940
100
_a
Armour, T
245
_a
How to play your best golf all the time
260
_a
New York
_b
Simon and schuster
_c
090
_c
29058
_d
29058
942
_a
NUST-CAE
_c
M
_c
21178
999
_c
281013
_d
281013